000 00483nam a2200181Ia 4500
005 20250326123737.0
008 250326s9999 xx 000 0 und d
037 _aTextbook
040 _aFMSL
_beng
_cFMSL
041 _aeng
_2eng
084 _aM15 K1
_qFMSL
100 _aHarthan J P
_9735969
245 0 _aBookbindings
_cHarthan J P
260 _aLondon
_bLondon, Her Majesty's Stationery
_c1961
300 _avp
942 _cTB
_hM15 K1
999 _c1270766
_d1270766